000 00478cam a2200181ua 4500
041 _aeng
_h
082 _a307.72
_bBLA/RU
100 _aBlack, John Donald .
245 _aRural planning of one country /
_cJohn Donald Black.
_hTextual Documents
250 _a1 /
_b.
260 _aCambridge :
_bHarvard university press ,
_c1959.
300 _a419 ; .
504 _a
700 1 _aWestcott, George William .
942 _cBK
999 _c3173
_d3173